00283nam a2200097Ia 4500008004000000082001100040100001500051245006200066260002600128650003100154210210b1931 xxu||||| |||| 00| 0 eng d a150/35 aGLOVER, W. aKnow your own mind-a little book of practical psychology. abNot Mentionedc1931 aMind Practical psychology